| 000 | 01224na a2200373 4500 | ||
|---|---|---|---|
| 001 | 23381 | ||
| 003 | MIRAKIL | ||
| 005 | 20181213154845.0 | ||
| 008 | 170919b tu 000 0 | ||
| 020 | _a9786053992349 | ||
| 040 |
_aMilas _btur _cTR-AnCHP |
||
| 041 | _atur | ||
| 082 |
_a362.07 _bS35e 2012 |
||
| 090 | _a362.07 S35e 2012 | ||
| 100 | _aSemerci, Pınar Uyan | ||
| 245 |
_aEşitsiz bir toplumda çocukluk: Çocuğun 'iyi olma hali'ni anlamak _bİstanbul örneği _cPınar Uyan Semerci...[ve öte] |
||
| 246 | _aİstanbul örneği | ||
| 260 |
_aİstanbul _bİstanbul Bilgi Üniversitesi _c2012 _fsena ofset |
||
| 300 |
_a262 s. _bÇiz., tbl. _c30 sm. |
||
| 440 |
_aİstanbul Bilgi Üniversitesi Yayınları _v390 |
||
| 490 |
_aİnsan Hakları Hukuku Çalışmaları _v16 |
||
| 504 | _aKaynakça ve dizin var. | ||
| 650 |
_aÇocuklar _xToplumsal sorunlar |
||
| 650 |
_aÇocuk refahı _xTürkiye _zİstanbul |
||
| 650 |
_aÇocuklar _xTürkiye _ySosyal durum |
||
| 700 | _aUran, Şaylan | ||
| 700 | _aOy, Burcu | ||
| 700 | _aKılıç, Zeynep | ||
| 700 | _aAkkan, Başak Ekim | ||
| 700 | _aKaratay, Abdullah | ||
| 700 | _aMüderrisoğlu, Serra | ||
| 740 | _aİstanbul örneği | ||
| 942 |
_2ddc _cBKS |
||
| 999 |
_c2109 _d2109 |
||